| 000 | 00528nam a2200157 a 4500 | ||
|---|---|---|---|
| 001 | 000047407 | ||
| 005 | 20201002060526.0 | ||
| 008 | 180515s1995 dr 000 0 spa d | ||
| 040 |
_aDO-SdBNP _bspa _cBNPHU |
||
| 082 |
_axx _bxx |
||
| 245 | 0 | 0 |
_aBet y tips : _bresumen de las oportunidades eomerciales , 1995 /. |
| 260 |
_aSanto Domingo : _bBanco del Este ; _bComisión Europea, _c1995. |
||
| 300 |
_a124 p. ; _c30 cm. |
||
| 590 | _aInventariado, 2018/VM | ||
| 710 | 2 |
_aCentro Informativo Internacional (República Dominicana) _975047 |
|
| 999 |
_c46895 _d46895 |
||